| 000 | 00896cam a22002893a 4500 | ||
|---|---|---|---|
| 001 | 2811 | ||
| 003 | PGUSA | ||
| 005 | 20140828083021.0 | ||
| 008 | 010901s2001||||xxu|||||s|||||000 i eng d | ||
| 040 |
_aPGUSA _beng |
||
| 042 | _adc | ||
| 050 | 4 | _aPA | |
| 100 | 1 |
_aPliny, the Younger, _d61- |
|
| 245 | 1 | 0 |
_aLetters of Pliny _h[electronic resource] / _cthe Younger Pliny |
| 260 |
_bProject Gutenberg, _c2001 |
||
| 506 | _aPublic domain in the USA. | ||
| 516 | _aElectronic text | ||
| 653 | _aPliny, the Younger -- Correspondence | ||
| 653 | _aLatin letters -- Translations into English | ||
| 653 | _aLawyers -- Rome -- Correspondence | ||
| 653 | _aAuthors, Latin -- Rome -- Correspondence | ||
| 700 | 1 | _aBosanquet, Frederick Charles Tindal | |
| 700 | 1 |
_aMelmoth, William, _d-1799 |
|
| 830 | 0 |
_aProject Gutenberg _v2811 |
|
| 856 | 4 | 0 | _uhttp://www.gutenberg.org/ebooks/2811 |
| 942 | _cEB | ||
| 999 |
_c232143 _d232143 |
||